| LEADER 00000nam 2200000uu 4500 |
| 008 150213s2553||||th 000 0 tha d |
| 020 ^a9786161104528
|
| 041 0 ^atha
|
| 060 4 ^aQV766 ป451ค 2553
|
| 100 0 ^aปราโมทย์ เสถียรรัตน์...[และคนอื่นๆ].
|
| 245 00 ^aคู่มือการปลูกสมุนไพรที่เหมาะสม/^bปราโมทย์ เสถียรรัตน์...[และคนอื่นๆ].
|
| 260 ^aกรุงเทพฯ : ^bสถาบันการแพทย์แผนไทย กรมพัฒนาการแพทย์แผนไทยและการแพทย์ทางเลือก กระทรวงสาธารณสุข,^c2553.
|
| 300 ^a134 หน้า ;^bภาพประกอบ.
|
| 650 4 ^aสมุนไพร ^xคู่มือ ^xการปลูก
|
| 700 0 ^aปราโมทย์ เสถียรรัตน์
|
| 710 2 ^aกรมพัฒนาการแพทย์แผนไทยและการแพทย์ทางเลือก สถาบันการแพทย์แผนไทย.
|
| 999 ^aใช้งานได้ทุกระบบ
|